| 000 | 01901nac a22003851u 4500 | ||
|---|---|---|---|
| 999 |
_c8816 _d8816 |
||
| 003 | EG-ScBUE | ||
| 005 | 20200205132719.0 | ||
| 008 | 200205t2007 nyu f b 001 0 eng d | ||
| 020 | _a0073526061 (pbk. : alk. paper) | ||
| 020 | _a9780073526065 (pbk. : alk.paper) | ||
| 035 | _a(OCoLC)ocm61879760 | ||
| 040 |
_aEG-ScBUE _beng _erda _cEG-ScBUE _dEG-ScBUE |
||
| 082 | 0 | 4 |
_a808.027 _bARN _222 |
| 100 | 1 |
_aArnold, George T, _eauthor. |
|
| 245 | 1 | 0 |
_aMedia writer's handbook : _ba guide to common writing and editing problems / _cGeorge T. Arnold, W. Page Pitt School of Journalism and Mass Communications, Marshall University. |
| 250 | _aFourth edition. | ||
| 264 | 1 |
_aNew York, NY : _bMcGraw-Hill, _c[2007] |
|
| 264 | 4 | _cc2007 | |
| 300 |
_a1 volume (various pagings) ; _c24 cm |
||
| 336 |
_2rdacontent _atext _btxt |
||
| 337 |
_2rdamedia _aunmediated _bn |
||
| 338 |
_2rdacarrier _avolume _bnc |
||
| 500 | _aDistributer: Bacca | ||
| 504 | _aIncludes bibliographical references and index. | ||
| 520 | _a"Appropriate for media writing courses as either a primary or supplemental text, Media Writer's Handbook is a primer for anyone who really wants to understand the grammatical and stylistic elements of good writing. Long after being a teaching tool in the classroom, it functions as a resource book that students and professionals can place on their desks alongside their dictionaries and stylebooks." | ||
| 650 | 7 |
_aJournalism _vStyle manuals. _2BUEsh |
|
| 650 | 7 |
_aJournalism _xAuthorship. _2BUEsh _937384 |
|
| 650 | 7 |
_aMass media _xAuthorship. _2BUEsh _937385 |
|
| 651 | _2BUEsh | ||
| 653 |
_bHHUUEENN _cJanuary2020 |
||
| 655 | _vReading book | ||
| 856 | 4 | 2 |
_3Publisher description _uhttp://www.loc.gov/catdir/enhancements/fy0624/2005043515-d.html |
| 856 | 4 | 2 |
_3Table of contents only _uhttp://www.loc.gov/catdir/enhancements/fy0624/2005043515-t.html |
| 942 |
_cNB _k808.027 ARN _2ddc |
||